| 000 | 01253nam a2200325 i 4500 | ||
|---|---|---|---|
| 001 | 185241 | ||
| 003 | SpMaBN | ||
| 005 | 20240202063022.0 | ||
| 008 | 160422s2015 sp a |||| | spa d | ||
| 020 | _a978-84-15006-93-0 | ||
| 040 | _cSpMaBN | ||
| 080 | _a821.134.2-14"19" | ||
| 080 | _a641.568(460.28)(083.12) | ||
| 100 | 1 |
_aCampos Monsalve, Julia de, _d1950- _9159431 _eaut |
|
| 245 | 1 | 0 |
_aA vueltas con Don Quijote : _bDon Quijote y alguna de sus andanzas con su orondo escudero Sancho Panza / _cJulia de Campos Monsalve ; [ilustraciones, de Bernardo Lopesino]. |
| 250 | _a1ª ed. | ||
| 260 |
_aMadrid : _bPoesía Eres Tú, _c2015. |
||
| 300 |
_a96 p. : _bil. ; _c21 cm. |
||
| 490 | 1 | _aPoesía eres tú | |
| 505 | 8 |
_aContiene: ; _tPlatos de la cocina manchega |
|
| 650 | 4 |
_aCocina manchega- _xRecetas. _9138579 |
|
| 700 | 1 |
_aLopesino, Bernardo. _9159432 _eill |
|
| 740 | 0 | 2 | _aPlatos de la cocina manchega. |
| 830 | 0 | 0 |
_aPoesía eres tú (Madrid) _9225373 |
| 852 |
_aES-MaACL _jA-13713 _9 192261 _bR.150461 _cDEPO1 _dOlim: N-6713 _hDonación: Julia de Campos Monsalve |
||
| 903 |
_9159431 _aCampos Monsalve, Julia de, _d1950- _ednr |
||
| 942 |
_cMONOGRAFIA _n0 |
||
| 999 |
_c185241 _d185241 |
||